| 000 | 01613nam a2200433 i 4500 | ||
|---|---|---|---|
| 001 | 8434 | ||
| 003 | KOSZ 005 | ||
| 005 | 20221123103034.0 | ||
| 008 | 071001s1966 pl a f 001 0 pol | ||
| 015 | _aPB 1967/53 | ||
| 040 |
_aWA N _cWA N _dKOSZ 005/RW _dKOSZ 005/HR |
||
| 041 | 1 |
_apol _hrus |
|
| 046 | _k1966 | ||
| 080 | _a621.39 | ||
| 080 | _a534 | ||
| 080 | _a007 | ||
| 100 | 1 |
_aSapožkov, Michail Andreevič _eAutor |
|
| 245 | 1 | 0 |
_aSygnał mowy w telekomunikacji i cybernetyce / _cM. A. Sapożkow ; tłumaczenie Janusz Kacprowski ; [rozdz. 3 napisał W. Jassem]. |
| 246 | 1 |
_iTytuł oryginału : _aRečevoj signal v kibernetike i svâzi. |
|
| 260 |
_aWarszawa : _bWydawnictwa Naukowo-Techniczne, _c1966. |
||
| 300 |
_a599, [1] stron, [14] kart, tablice : _bilustracje ; _c23 cm. |
||
| 336 |
_2rdacontent _aTekst _btxt |
||
| 337 |
_2rdamedia _aBez urządzenia pośredniczącego _bn |
||
| 338 |
_2rdacarrier _aWolumin _bnc |
||
| 380 | _aKsiążki. | ||
| 388 | _a1901-2000 | ||
| 504 | _aBibliografia na stronach 559-[594]. Indeks. | ||
| 650 | 4 | _aAutomatyka | |
| 650 | 4 | _aFonetyka akustyczna | |
| 650 | 4 | _aRozpoznawanie mowy (technologia) | |
| 650 | 4 | _aSynteza mowy | |
| 650 | 4 | _aTelekomunikacja | |
| 658 | _aInżynieria i technika | ||
| 700 | 1 |
_aJassem, Wiktor _d(1922-2016) _eAutor |
|
| 700 | 1 |
_aKacprowski, Janusz _d(1916-1993) _eTłumaczenie |
|
| 710 | 2 |
_aWydawnictwa Naukowo-Techniczne _4pbl. |
|
| 856 |
_uhttp://koha.tu.koszalin.pl/cgi-bin/koha/opac-detail.pl?biblionumber=8434 _yKatalog online BPK |
||
| 942 |
_2UKD _cKS |
||
| 999 |
_c8434 _d8434 |
||